000 00516nam a22001937i 4500
001 4014
003 OSt
005 20170126082326.0
007 tu
008 161220s1998 xxu||||| |||| 00| 0 d
024 7 _a4013
_2RID
040 _cOSt
084 _a14.2
_a14.4
_2z
100 1 _aKinne, Konstanze
245 0 0 _aThe "Efficiency Defense" in the U.S. American Merger Policy
260 _aHamburg :
_bHWWA-Institut für Wirtschaftsforschung,Hamburg,
_c1998.
300 _a28 S. ;
_c30cm.
490 _aHWWA-Diskussionspapier
_v67
942 _cB
999 _c3946
_d3946